Technology Management (Record no. 4881)

MARC details
005 - DATE AND TIME OF LATEST TRANSACTION
control field 20250624141922.0
020 ## - INTERNATIONAL STANDARD BOOK NUMBER
International Standard Book Number 0-07-238355-0
082 ## - DEWEY DECIMAL CLASSIFICATION NUMBER
Classification number 658.5 HAR
100 ## - MAIN ENTRY--PERSONAL NAME
Author name HARRISON, N
245 ## - TITLE STATEMENT
Title Technology Management
260 ## - PUBLICATION, DISTRIBUTION, ETC.
Place of publication, distribution, etc. New York
Name of publisher, distributor, etc. McGraw-Hill Irwin
Date of publication, distribution, etc. 2002.
300 ## - PHYSICAL DESCRIPTION
Extent xvi,433p.: ill.; figures
Other physical details Index
Dimensions 22cm
700 ## - ADDED ENTRY--PERSONAL NAME
Other authors/Editors Danny Samson
942 ## - ADDED ENTRY ELEMENTS (KOHA)
Source of classification or shelving scheme Dewey Decimal Classification
Koha item type Books
Holdings
Date last seen Total checkouts Full call number Barcode Cost, replacement price Price effective from Koha item type Lost status Source of classification or shelving scheme Damaged status Not for loan Withdrawn status Home library Current library Shelving location Date acquired Source of acquisition Cost, normal purchase price
06/24/2025   658.5 NOR MZA0001864 54900.00 06/24/2025 Books   Dewey Decimal Classification       CBE Mwanza CBE Mwanza General Collection 06/19/2018 Library Budget 18300.00
06/24/2025   658.5 NOR MZA0001863 54900.00 06/24/2025 Books   Dewey Decimal Classification       CBE Mwanza CBE Mwanza General Collection 06/19/2018 Library Budget 18300.00